000 00325nam a2200133Ia 4500
100 _aJordon/E.C/ Balmain/K.G
942 _cBK
654 _aelectromagnetic
245 _aElectromagnetic waves and radiating system
260 _bprentice hall
_aNew Delhi
_c1987
082 _a530.14
_bJOR
300 _a753
546 _aENGLISH
999 _c31452
_d31452